000 01235nam a2200325Ia 4500
001 Para_9194
003 CHAP
005 20220816144034.0
008 220125s2006 xx 000 0 und d
010 _a207911
040 _cCHAP
090 _aPA TESIS 2001
100 _aMaldonado Cruz, Edith
_970088
245 _aResistencia sistématica inducida a Cucumber mosaic virus por Bacillus spp. y ácido acetil salicílico en calabacita (Cucurbita pepo L.) variedad zucchini grey. /
_c por Edith Maldonado Cruz
260 _aChapingo, Méx. :
_b el autor
300 _a42 h + Apénd
502 _aTesis (Ing. Agr. Esp. en Parasitología Agrícola) -- UACh. Departamento Parasitología Agrícola
650 _aCalabaza
_x enfermedades
_917269
650 _aVirus del mosaico de la calabaza
_9119952
650 _aVirus mosaico amarillo del zucchini
_9174377
650 _aVirus mosaico de la sandía
_9174378
650 _aVirus mosaico del pepino
_9174379
710 _aUACh. Departamento Parasitología Agrícola
_9164025
901 _aPA TESIS 2001
902 _aM
905 _a0000002006 nmd 0000000000 00
910 _a2006
942 _cPARA
_2local
942 _cPARA
_2local
999 _c207911
_d207911